Khảo sát quá trình tạo Silicene vô định hình từ mô hình Si lỏng 2 chiều bằng mô phỏng : Luận văn Thạc sĩ. Chuyên ngành Vật lý lý thuyết và Vật lý toán
Nghiên cứu làm rõ tính chất nhiệt động và sự thay đổi cấu trúc trong quá trình tạo Silicene từ Si lỏng.
Gorde:
| Egile nagusia: | |
|---|---|
| Formatua: | Liburua |
| Hizkuntza: | Undetermined |
| Argitaratua: |
Cần Thơ
Trường Đại học Cần Thơ
2016
|
| Gaiak: | |
| Etiketak: |
Etiketa erantsi
Etiketarik gabe, Izan zaitez lehena erregistro honi etiketa jartzen!
|
| Thư viện lưu trữ: | Trung tâm Học liệu Trường Đại học Cần Thơ |
|---|
| LEADER | 01038nam a2200217Ia 4500 | ||
|---|---|---|---|
| 001 | CTU_216877 | ||
| 008 | 210402s9999 xx 000 0 und d | ||
| 082 | |a 621.38152 | ||
| 082 | |b Ph513 | ||
| 088 | |a 60440103 | ||
| 100 | |a Nguyễn, Thị Kim Phụng | ||
| 245 | 0 | |a Khảo sát quá trình tạo Silicene vô định hình từ mô hình Si lỏng 2 chiều bằng mô phỏng : | |
| 245 | 0 | |b Luận văn Thạc sĩ. Chuyên ngành Vật lý lý thuyết và Vật lý toán | |
| 245 | 0 | |c Nguyễn Thị Kim Phụng ; Võ Văn Hoàng (Người hướng dẫn) | |
| 260 | |a Cần Thơ | ||
| 260 | |b Trường Đại học Cần Thơ | ||
| 260 | |c 2016 | ||
| 520 | |a Nghiên cứu làm rõ tính chất nhiệt động và sự thay đổi cấu trúc trong quá trình tạo Silicene từ Si lỏng. | ||
| 650 | |a Màng (Công nghệ),Membranes (Technology) | ||
| 904 | |i Hiền,Hải | ||
| 980 | |a Trung tâm Học liệu Trường Đại học Cần Thơ | ||